000 00808cam a22002773a 4500
001 224
003 PGUSA
005 20140828082945.0
008 080711s2008||||xxu|||||s|||||000 1 eng d
040 _aPGUSA
_beng
042 _adc
050 4 _aPR
100 1 _aHardy, Thomas,
_d1840-1928
245 1 2 _aA Pair of Blue Eyes
_h[electronic resource] /
_cThomas Hardy
260 _bProject Gutenberg,
_c2008
506 _aPublic domain in the USA.
516 _aElectronic text
653 _aElopement -- Fiction
653 _aTriangles (Interpersonal relations) -- Fiction
653 _aDidactic fiction
653 _aSeparation (Psychology) -- Fiction
653 _aWessex (England) -- Fiction
830 0 _aProject Gutenberg
_v224
856 4 0 _uhttp://www.gutenberg.org/ebooks/224
942 _cEB
999 _c229577
_d229577